| 000 | 00861nam a2200205Ia 4500 | ||
|---|---|---|---|
| 005 | 20241129110125.0 | ||
| 008 | 241129s9999||||xx |||||||||||||| ||und|| | ||
| 037 | _aTB | ||
| 040 |
_aARTS _bpun _cARTS |
||
| 041 |
_apun _2pun |
||
| 084 |
_aV243.N25<-N21 153Q6 _qARTS |
||
| 100 | _aਸਿੱਧੂ, ਗੁਰਦੇਵ ਸਿੰਘ, ਥਦ। | ||
| 245 | 0 |
_aਡਾਇਰੈਕਟਰੀ: ਅਕਾਲੀ ਲਹਿਰ(1921- 25)ਵਿਚ ਸ਼ਾਮਾਲ ਸਾਬਕਾ ਸੈਨਿਕ _cਸਿੱਧੂ, ਗੁਰਦੇਵ ਸਿੰਘ, ਥਦ। |
|
| 260 |
_aਪਟਿਆਲਾਪਬਲਕਿੇਸਨ, ਭਾਰਤ _bਪਟਿਆਲਾਪਬਲਕਿੇਸਨ ਬਿਊਰੋ _c2019 |
||
| 300 | _a373ਪ੍ਰ0 | ||
| 365 |
_aINR _b450 |
||
| 650 |
_aHistory-Punjab _9727300 |
||
| 942 |
_cTB _hV243.N25<-N21 153Q6 |
||
| 999 |
_c1227395 _d1227395 |
||